[Event "DEM U14w 2018"]
[Site "Willingen GER"]
[Date "2018.05.21"]
[Round "3"]
[White "Ricken, Katharina"]
[Black "Kunisch, Nina"]
[Result "1/2-1/2"]
[Termination "normal"]
[Board "3"]
[WhiteElo "1798"]
[BlackElo "1704"]
[WhiteClock "00:22:11"]
[BlackClock "00:15:41"]
[PlyCount "42"]
[WhiteFideId "16207017"]
[BlackFideId "12982849"]
[EventCountry "GER"]
[EventRounds "9"]
[EventType "swiss"]
[EventDate "2018.05.19"]

1. Nf3 1... d5 {[%clk 1:30:48]} 2. g3 {[%clk 1:31:24]} 2... g6 {[%clk 1:31:10]}
3. c4 {[%clk 1:31:48]} 3... c6 {[%clk 1:31:23]} 4. Qa4 {[%clk 1:32:08]} 4...
Nf6 {[%clk 1:28:05]} 5. cxd5 {[%clk 1:32:29]} 5... Qxd5 {[%clk 1:26:14]} 6. Nc3
{[%clk 1:32:29]} 6... Qd8 {[%clk 1:25:56]} 7. Bg2 {[%clk 1:32:46]} 7... Bg7 {
[%clk 1:25:27]} 8. O-O {[%clk 1:32:39]} 8... O-O {[%clk 1:25:04]} 9. d4 { [%clk
1:31:56]} 9... Bf5 {[%clk 1:22:14]} 10. Rd1 {[%clk 1:29:05]} 10... Qb6 { [%clk
1:14:56]} 11. Ne5 {[%clk 1:23:37]} 11... Nbd7 {[%clk 1:07:38]} 12. Nc4 { [%clk
1:20:43]} 12... Qc7 {[%clk 0:59:43]} 13. Bf4 {[%clk 1:18:40]} 13... Qc8 { [%clk
0:58:50]} 14. Qb4 {[%clk 1:10:35]} 14... Re8 {[%clk 0:47:44]} 15. e4 { [%clk
0:56:04]} 15... Be6 {[%clk 0:40:35]} 16. Na5 {[%clk 0:41:01]} 16... Nb6 { [%clk
0:32:52]} 17. d5 {[%clk 0:33:41]} 17... Bh3 {[%clk 0:26:25]} 18. Rac1 { [%clk
0:26:47]} 18... c5 {[%clk 0:20:47]} 19. Qb5 {[%clk 0:24:03]} 19... Bxg2 { [%clk
0:19:11]} 20. Kxg2 {[%clk 0:24:27]} 20... Rd8 {[%clk 0:17:52]} 21. f3 { [%clk
0:22:11]} 21... Nfd7 {[%clk 0:15:41]} 1/2-1/2

[Event "DEM U14w 2018"]
[Site "Willingen GER"]
[Date "2018.05.21"]
[Round "3"]
[White "Reuter, Elisa"]
[Black "Bardorz, Jana"]
[Result "1/2-1/2"]
[Termination "normal"]
[Board "4"]
[WhiteElo "1835"]
[BlackElo "1622"]
[WhiteClock "00:06:20"]
[BlackClock "00:14:01"]
[PlyCount "77"]
[WhiteFideId "12995444"]
[BlackFideId "16208897"]
[EventCountry "GER"]
[EventRounds "9"]
[EventType "swiss"]
[EventDate "2018.05.19"]

1. e4 {[%clk 1:30:59]} 1... e5 {[%clk 1:30:53]} 2. Nf3 {[%clk 1:31:24]} 2...
Nc6 {[%clk 1:31:19]} 3. Bc4 {[%clk 1:31:50]} 3... Nf6 {[%clk 1:31:43]} 4. d3 {
[%clk 1:32:17]} 4... Bc5 {[%clk 1:31:52]} 5. c3 {[%clk 1:32:42]} 5... a6 {
[%clk 1:31:19]} 6. Bb3 {[%clk 1:33:04]} 6... Ba7 {[%clk 1:30:39]} 7. Nbd2 {
[%clk 1:33:16]} 7... d6 {[%clk 1:30:22]} 8. Nf1 {[%clk 1:33:00]} 8... Ne7 {
[%clk 1:29:58]} 9. Ng3 {[%clk 1:27:23]} 9... Ng6 {[%clk 1:28:30]} 10. Bg5 {
[%clk 1:26:44]} 10... h6 {[%clk 1:26:58]} 11. Bxf6 {[%clk 1:24:56]} 11... gxf6
{[%clk 1:20:48]} 12. Ba4+ {[%clk 1:07:21]} 12... c6 {[%clk 1:12:56]} 13. Nf5 {
[%clk 0:47:33]} 13... Bxf5 {[%clk 1:07:29]} 14. exf5 {[%clk 0:45:57]} 14... Ne7
{[%clk 1:07:03]} 15. Nh4 {[%clk 0:45:04]} 15... Qb6 {[%clk 0:58:37]} 16. Qd2 {
[%clk 0:43:20]} 16... O-O-O {[%clk 0:56:49]} 17. Rf1 {[%clk 0:39:14]} 17...
Rdg8 {[%clk 0:50:46]} 18. h3 {[%clk 0:36:05]} 18... Rg5 {[%clk 0:47:18]} 19. g4
{[%clk 0:36:08]} 19... h5 {[%clk 0:45:49]} 20. Nf3 {[%clk 0:29:25]} 20... Rg7 {
[%clk 0:41:30]} 21. g5 {[%clk 0:27:10]} 21... Nxf5 {[%clk 0:40:31]} 22. gxf6 {
[%clk 0:27:31]} 22... Rg6 {[%clk 0:39:06]} 23. O-O-O {[%clk 0:27:42]} 23...
Rhg8 {[%clk 0:37:16]} 24. Bb3 {[%clk 0:26:29]} 24... Rxf6 {[%clk 0:35:15]} 25.
Ng5 {[%clk 0:25:08]} 25... d5 {[%clk 0:33:24]} 26. Nf3 {[%clk 0:22:26]} 26...
Qc7 {[%clk 0:32:08]} 27. Rde1 {[%clk 0:21:42]} 27... Re6 {[%clk 0:31:09]} 28.
Rg1 {[%clk 0:19:26]} 28... Rxg1 {[%clk 0:28:47]} 29. Rxg1 {[%clk 0:19:49]}
29... Rg6 {[%clk 0:28:17]} 30. Rxg6 {[%clk 0:16:10]} 30... fxg6 {[%clk 0:28:40]
} 31. Qg5 {[%clk 0:16:29]} 31... Qd6 {[%clk 0:27:43]} 32. Qd2 {[%clk 0:14:53]}
32... Qf6 {[%clk 0:25:53]} 33. Qe2 {[%clk 0:12:47]} 33... Bb8 {[%clk 0:25:26]}
34. Kb1 {[%clk 0:11:59]} 34... Nh4 {[%clk 0:20:21]} 35. Nxh4 {[%clk 0:11:19]}
35... Qxh4 {[%clk 0:20:45]} 36. Qf3 {[%clk 0:09:49]} 36... Qf4 {[%clk 0:19:57]}
37. Qxf4 {[%clk 0:07:50]} 37... exf4 {[%clk 0:18:19]} 38. d4 {[%clk 0:06:01]}
38... g5 {[%clk 0:14:01]} 39. Bd1 {[%clk 0:06:20]} 1/2-1/2

[Event "DEM U14w 2018"]
[Site "Willingen GER"]
[Date "2018.05.21"]
[Round "3"]
[White "Liu, Sijia Anna"]
[Black "Wagner, Victoria"]
[Result "1-0"]
[Termination "normal"]
[Board "5"]
[WhiteElo "1748"]
[BlackElo "1700"]
[WhiteClock "00:43:32"]
[BlackClock "00:11:56"]
[PlyCount "65"]
[WhiteFideId "12989746"]
[BlackFideId "16232348"]
[EventCountry "GER"]
[EventRounds "9"]
[EventType "swiss"]
[EventDate "2018.05.19"]

1. e4 {[%clk 1:30:57]} 1... c5 {[%clk 1:30:53]} 2. Nf3 {[%clk 1:31:19]} 2... d6
{[%clk 1:31:04]} 3. d4 {[%clk 1:31:32]} 3... cxd4 {[%clk 1:31:29]} 4. Nxd4 {
[%clk 1:31:56]} 4... Nf6 {[%clk 1:31:54]} 5. Nc3 {[%clk 1:32:12]} 5... a6 {
[%clk 1:32:19]} 6. Be2 {[%clk 1:32:01]} 6... e5 {[%clk 1:32:36]} 7. Nb3 { [%clk
1:32:19]} 7... Be6 {[%clk 1:32:00]} 8. O-O {[%clk 1:32:09]} 8... Be7 { [%clk
1:32:17]} 9. Kh1 {[%clk 1:32:02]} 9... O-O {[%clk 1:31:43]} 10. f4 { [%clk
1:31:32]} 10... Qc7 {[%clk 1:30:26]} 11. f5 {[%clk 1:30:08]} 11... Bc4 { [%clk
1:28:29]} 12. g4 {[%clk 1:27:56]} 12... Bxe2 {[%clk 1:16:51]} 13. Qxe2 { [%clk
1:25:38]} 13... h6 {[%clk 1:12:46]} 14. g5 {[%clk 1:23:29]} 14... hxg5 { [%clk
1:10:20]} 15. Bxg5 {[%clk 1:22:35]} 15... Re8 {[%clk 1:02:43]} 16. Qg2 { [%clk
1:18:07]} 16... Kh8 {[%clk 0:55:07]} 17. Qh3+ {[%clk 1:13:26]} 17... Nh7 {[%clk
0:45:19]} 18. Bxe7 {[%clk 1:10:33]} 18... Qxe7 {[%clk 0:44:40]} 19. Nd5 {[%clk
1:10:19]} 19... Qd7 {[%clk 0:42:18]} 20. Nb6 {[%clk 1:05:30]} 20... Qc6 {[%clk
0:41:22]} 21. Nxa8 {[%clk 1:03:41]} 21... Nd7 {[%clk 0:39:14]} 22. Rg1 { [%clk
0:57:03]} 22... Rxa8 {[%clk 0:35:30]} 23. Rg4 {[%clk 0:52:23]} 23... Ndf6
{[%clk 0:29:17]} 24. Rh4 {[%clk 0:52:06]} 24... Kg8 {[%clk 0:25:09]} 25. Qg2 {
[%clk 0:49:50]} 25... Qe8 {[%clk 0:21:55]} 26. Rg1 {[%clk 0:48:05]} 26... Qf8 {
[%clk 0:21:46]} 27. Nd2 {[%clk 0:47:43]} 27... Ne8 {[%clk 0:19:24]} 28. Qh3 {
[%clk 0:47:05]} 28... Nef6 {[%clk 0:18:57]} 29. Nf3 {[%clk 0:46:22]} 29... Kh8
{[%clk 0:13:16]} 30. Ng5 {[%clk 0:44:50]} 30... Qg8 {[%clk 0:12:57]} 31. Nxh7 {
[%clk 0:44:46]} 31... Nxh7 {[%clk 0:13:10]} 32. Rgg4 {[%clk 0:44:11]} 32... Rc8
{[%clk 0:11:56]} 33. Rxh7+ {[%clk 0:43:32]} 1-0

[Event "DEM U14w 2018"]
[Site "Willingen GER"]
[Date "2018.05.21"]
[Round "3"]
[White "Ziegenfuß, Antonia"]
[Black "Kalina, Lena"]
[Result "1-0"]
[Termination "normal"]
[Board "6"]
[WhiteElo "1956"]
[BlackElo "1479"]
[WhiteClock "00:38:04"]
[BlackClock "00:37:54"]
[PlyCount "57"]
[WhiteFideId "12962554"]
[BlackFideId "12988014"]
[EventCountry "GER"]
[EventRounds "9"]
[EventType "swiss"]
[EventDate "2018.05.19"]

1. d4 {[%clk 1:30:57]} 1... Nf6 {[%clk 1:30:54]} 2. c4 {[%clk 1:31:23]} 2... g6
{[%clk 1:31:19]} 3. Nc3 {[%clk 1:31:49]} 3... Bg7 {[%clk 1:31:42]} 4. e4 {
[%clk 1:32:15]} 4... O-O {[%clk 1:31:59]} 5. f4 {[%clk 1:32:40]} 5... d6 {
[%clk 1:32:06]} 6. Nf3 {[%clk 1:32:52]} 6... c5 {[%clk 1:31:52]} 7. d5 { [%clk
1:33:04]} 7... e6 {[%clk 1:30:26]} 8. dxe6 {[%clk 1:33:03]} 8... Bxe6 { [%clk
1:29:12]} 9. Bd3 {[%clk 1:33:00]} 9... Nc6 {[%clk 1:28:15]} 10. f5 { [%clk
1:32:11]} 10... Bc8 {[%clk 1:26:37]} 11. O-O {[%clk 1:31:30]} 11... Re8 { [%clk
1:24:30]} 12. Bg5 {[%clk 1:23:01]} 12... Qc7 {[%clk 1:20:10]} 13. Nh4 { [%clk
1:10:15]} 13... h6 {[%clk 1:12:53]} 14. Bxf6 {[%clk 1:07:34]} 14... Bxf6 {[%clk
1:12:09]} 15. fxg6 {[%clk 1:07:48]} 15... Bd4+ {[%clk 1:10:51]} 16. Kh1 {[%clk
1:08:04]} 16... fxg6 {[%clk 1:08:32]} 17. Nxg6 {[%clk 1:07:36]} 17... Qg7
{[%clk 1:05:49]} 18. Qh5 {[%clk 1:04:04]} 18... Be6 {[%clk 1:02:44]} 19. Rf3
{[%clk 0:45:15]} 19... Kh7 {[%clk 0:55:08]} 20. e5 {[%clk 0:40:03]} 20... dxe5
{[%clk 0:49:23]} 21. Nf8+ {[%clk 0:37:43]} 21... Kh8 {[%clk 0:46:31]} 22. Nxe6
{[%clk 0:37:57]} 22... Rxe6 {[%clk 0:45:18]} 23. Rf7 {[%clk 0:38:11]} 23... Qg8
{[%clk 0:41:26]} 24. Qf5 {[%clk 0:36:40]} 24... Rg6 {[%clk 0:39:58]} 25. Qxg6
{[%clk 0:37:05]} 25... Qxg6 {[%clk 0:40:23]} 26. Bxg6 {[%clk 0:37:32]} 26...
Na5 {[%clk 0:39:22]} 27. Ne4 {[%clk 0:37:18]} 27... Nxc4 {[%clk 0:38:00]} 28.
Nf6 {[%clk 0:37:39]} 28... Bxb2 {[%clk 0:37:54]} 29. Rh7# {[%clk 0:38:04]} 1-0

[Event "DEM U14w 2018"]
[Site "Willingen GER"]
[Date "2018.05.21"]
[Round "3"]
[White "Peglau, Mirjam"]
[Black "Schneider, Katharina"]
[Result "1-0"]
[Termination "normal"]
[Board "7"]
[WhiteElo "1739"]
[BlackElo "1667"]
[WhiteClock "00:52:19"]
[BlackClock "00:07:57"]
[PlyCount "171"]
[WhiteFideId "16211138"]
[BlackFideId "16200519"]
[EventCountry "GER"]
[EventRounds "9"]
[EventType "swiss"]
[EventDate "2018.05.19"]

1. e4 {[%clk 1:30:59]} 1... e5 {[%clk 1:30:55]} 2. Nf3 {[%clk 1:31:24]} 2...
Nc6 {[%clk 1:31:21]} 3. Bc4 {[%clk 1:31:50]} 3... Bc5 {[%clk 1:31:47]} 4. d3 {
[%clk 1:32:08]} 4... Nf6 {[%clk 1:29:57]} 5. Bg5 {[%clk 1:32:12]} 5... h6 {
[%clk 1:29:27]} 6. Bh4 {[%clk 1:32:34]} 6... g5 {[%clk 1:27:30]} 7. Bg3 { [%clk
1:32:59]} 7... d6 {[%clk 1:26:03]} 8. Nc3 {[%clk 1:30:24]} 8... Bg4 { [%clk
1:16:24]} 9. h4 {[%clk 1:27:17]} 9... Bxf3 {[%clk 1:07:32]} 10. gxf3 { [%clk
1:27:14]} 10... Nh5 {[%clk 1:06:06]} 11. Nd5 {[%clk 1:24:45]} 11... Bb6 { [%clk
1:00:03]} 12. c3 {[%clk 1:06:56]} 12... Nf4 {[%clk 0:55:10]} 13. hxg5 { [%clk
0:59:52]} 13... Qxg5 {[%clk 0:54:14]} 14. Bxf4 {[%clk 0:58:49]} 14... exf4
{[%clk 0:53:57]} 15. d4 {[%clk 0:55:15]} 15... O-O-O {[%clk 0:39:00]} 16. Qd3
{[%clk 0:52:07]} 16... f5 {[%clk 0:32:42]} 17. Nxb6+ {[%clk 0:48:32]} 17...
cxb6 {[%clk 0:32:27]} 18. Be6+ {[%clk 0:48:30]} 18... Kb8 {[%clk 0:31:55]} 19.
Bxf5 {[%clk 0:48:44]} 19... h5 {[%clk 0:26:08]} 20. O-O-O {[%clk 0:48:04]}
20... h4 {[%clk 0:22:53]} 21. Rdg1 {[%clk 0:47:22]} 21... Qh6 {[%clk 0:22:12]}
22. Rg4 {[%clk 0:46:18]} 22... Rdg8 {[%clk 0:19:07]} 23. Qc4 {[%clk 0:43:17]}
23... Rxg4 {[%clk 0:18:44]} 24. Bxg4 {[%clk 0:42:50]} 24... Qg5 {[%clk 0:15:20]
} 25. Qe6 {[%clk 0:42:34]} 25... Rd8 {[%clk 0:13:32]} 26. Qf5 {[%clk 0:41:35]}
26... Qxf5 {[%clk 0:13:02]} 27. Bxf5 {[%clk 0:41:52]} 27... Rh8 {[%clk 0:13:03]
} 28. Bh3 {[%clk 0:41:29]} 28... Rg8 {[%clk 0:12:06]} 29. Kd2 {[%clk 0:40:09]}
29... Kc7 {[%clk 0:11:26]} 30. Ke2 {[%clk 0:39:20]} 30... Kd8 {[%clk 0:10:18]}
31. Kf1 {[%clk 0:39:14]} 31... Ke7 {[%clk 0:10:18]} 32. Rg1 {[%clk 0:38:55]}
32... Rxg1+ {[%clk 0:10:14]} 33. Kxg1 {[%clk 0:39:23]} 33... Kf6 { [%clk
0:10:30]} 34. Bc8 {[%clk 0:39:06]} 34... Nd8 {[%clk 0:10:17]} 35. Kh2 { [%clk
0:39:29]} 35... b5 {[%clk 0:08:47]} 36. Kh3 {[%clk 0:39:35]} 36... Kg5 { [%clk
0:09:11]} 37. b4 {[%clk 0:38:20]} 37... Kh5 {[%clk 0:07:28]} 38. e5 { [%clk
0:36:30]} 38... dxe5 {[%clk 0:07:50]} 39. dxe5 {[%clk 0:36:49]} 39... Nc6
{[%clk 0:06:27]} 40. e6 {[%clk 0:36:51]} 40... b6 {[%clk 0:05:35]} 41. Bd7 {
[%clk 0:36:24]} 41... Ne7 {[%clk 0:05:49]} 42. Bxb5 {[%clk 0:36:26]} 42... Kg5
{[%clk 0:05:20]} 43. Bc4 {[%clk 0:35:42]} 43... Kh5 {[%clk 0:00:57]} 44. Bb3 {
[%clk 0:35:02]} 44... Kg5 {[%clk 0:00:40]} 45. a3 {[%clk 0:34:31]} 45... Ng6 {
[%clk 0:26:38]} 46. Bd5 {[%clk 1:03:12]} 46... Kf6 {[%clk 0:25:50]} 47. Kg4 {
[%clk 1:02:41]} 47... Ne7 {[%clk 0:23:10]} 48. c4 {[%clk 1:00:41]} 48... Nf5 {
[%clk 0:20:49]} 49. Be4 {[%clk 0:57:48]} 49... Nd6 {[%clk 0:18:35]} 50. c5 {
[%clk 0:57:40]} 50... bxc5 {[%clk 0:16:01]} 51. bxc5 {[%clk 0:57:20]} 51... Ne8
{[%clk 0:13:37]} 52. Kxf4 {[%clk 0:56:31]} 52... Kxe6 {[%clk 0:13:39]} 53. Kg4
{[%clk 0:56:38]} 53... Ke5 {[%clk 0:11:06]} 54. Kxh4 {[%clk 0:56:28]} 54... Kf4
{[%clk 0:11:21]} 55. c6 {[%clk 0:56:18]} 55... Nc7 {[%clk 0:11:15]} 56. Kh5 {
[%clk 0:56:11]} 56... a5 {[%clk 0:10:36]} 57. a4 {[%clk 0:56:10]} 57... Ne6 {
[%clk 0:10:07]} 58. Kg6 {[%clk 0:55:49]} 58... Ke5 {[%clk 0:10:23]} 59. Kf7 {
[%clk 0:54:47]} 59... Kd6 {[%clk 0:10:24]} 60. Ke8 {[%clk 0:53:28]} 60... Nc5 {
[%clk 0:08:55]} 61. Kd8 {[%clk 0:53:02]} 61... Ne6+ {[%clk 0:09:12]} 62. Kc8 {
[%clk 0:52:38]} 62... Nc5 {[%clk 0:08:53]} 63. Kb8 {[%clk 0:51:44]} 63... Ne6 {
[%clk 0:07:18]} 64. Kb7 {[%clk 0:51:09]} 64... Nc5+ {[%clk 0:07:05]} 65. Kb6 {
[%clk 0:51:11]} 65... Nxa4+ {[%clk 0:07:01]} 66. Kxa5 {[%clk 0:51:37]} 66...
Nc5 {[%clk 0:07:06]} 67. Kb6 {[%clk 0:51:56]} 67... Ne6 {[%clk 0:06:39]} 68.
Bf5 {[%clk 0:52:00]} 68... Nc7 {[%clk 0:06:42]} 69. Bd7 {[%clk 0:51:52]} 69...
Nd5+ {[%clk 0:05:39]} 70. Kb7 {[%clk 0:51:50]} 70... Ne7 {[%clk 0:05:21]} 71.
f4 {[%clk 0:51:30]} 71... Nd5 {[%clk 0:05:15]} 72. f5 {[%clk 0:51:43]} 72...
Ne7 {[%clk 0:05:07]} 73. f6 {[%clk 0:51:52]} 73... Nd5 {[%clk 0:05:25]} 74. f7
{[%clk 0:51:43]} 74... Ke7 {[%clk 0:05:41]} 75. Be8 {[%clk 0:51:11]} 75... Kf8
{[%clk 0:04:30]} 76. c7 {[%clk 0:51:25]} 76... Nxc7 {[%clk 0:04:43]} 77. Kxc7 {
[%clk 0:51:50]} 77... Ke7 {[%clk 0:05:07]} 78. f4 {[%clk 0:52:07]} 78... Kf8 {
[%clk 0:05:28]} 79. Kd7 {[%clk 0:52:20]} 79... Kg7 {[%clk 0:05:52]} 80. Ke7 {
[%clk 0:52:39]} 80... Kg6 {[%clk 0:06:04]} 81. f8=Q+ {[%clk 0:52:55]} 81... Kh7
{[%clk 0:06:30]} 82. Qf5+ {[%clk 0:52:24]} 82... Kh8 {[%clk 0:06:49]} 83. Qh5+
{[%clk 0:52:01]} 83... Kg7 {[%clk 0:07:09]} 84. Qg6+ {[%clk 0:52:05]} 84... Kh8
{[%clk 0:07:34]} 85. Qh6+ {[%clk 0:52:19]} 85... Kg8 {[%clk 0:07:57]} 86. Bf7#
1-0

[Event "DEM U14w 2018"]
[Site "Willingen GER"]
[Date "2018.05.21"]
[Round "3"]
[White "Schnabel, Luise"]
[Black "Barutta, Larissa"]
[Result "1-0"]
[Termination "normal"]
[Board "8"]
[WhiteElo "1717"]
[BlackElo "1676"]
[WhiteClock "00:29:09"]
[BlackClock "01:33:55"]
[PlyCount "83"]
[WhiteFideId "12943347"]
[BlackFideId "16222946"]
[EventCountry "GER"]
[EventRounds "9"]
[EventType "swiss"]
[EventDate "2018.05.19"]

1. e4 {[%clk 1:30:57]} 1... e6 {[%clk 1:30:56]} 2. d4 {[%clk 1:31:02]} 2... d5
{[%clk 1:31:21]} 3. Nc3 {[%clk 1:31:20]} 3... Bb4 {[%clk 1:31:42]} 4. e5 {
[%clk 1:31:31]} 4... Ne7 {[%clk 1:32:05]} 5. a3 {[%clk 1:31:39]} 5... Bxc3+ {
[%clk 1:32:28]} 6. bxc3 {[%clk 1:31:58]} 6... b6 {[%clk 1:32:55]} 7. Nf3 {
[%clk 1:29:44]} 7... Ba6 {[%clk 1:33:19]} 8. Bxa6 {[%clk 1:27:45]} 8... Nxa6 {
[%clk 1:33:41]} 9. h4 {[%clk 1:26:52]} 9... h6 {[%clk 1:34:04]} 10. h5 { [%clk
1:25:37]} 10... Qd7 {[%clk 1:33:45]} 11. Qe2 {[%clk 1:21:10]} 11... Nb8 { [%clk
1:34:05]} 12. O-O {[%clk 1:19:48]} 12... Nbc6 {[%clk 1:34:29]} 13. Nh4 { [%clk
1:16:24]} 13... Nf5 {[%clk 1:33:35]} 14. Nxf5 {[%clk 1:01:13]} 14... exf5
{[%clk 1:30:18]} 15. Re1 {[%clk 0:56:24]} 15... O-O-O {[%clk 1:29:48]} 16. e6 {
[%clk 0:54:21]} 16... fxe6 {[%clk 1:27:52]} 17. Qxe6 {[%clk 0:50:48]} 17...
Rhe8 {[%clk 1:26:01]} 18. Qxd7+ {[%clk 0:49:14]} 18... Kxd7 {[%clk 1:25:49]}
19. Bf4 {[%clk 0:48:26]} 19... Na5 {[%clk 1:20:19]} 20. Re5 {[%clk 0:44:39]}
20... Rxe5 {[%clk 1:18:30]} 21. Bxe5 {[%clk 0:41:38]} 21... Rg8 {[%clk 1:18:41]
} 22. Re1 {[%clk 0:32:43]} 22... Nc4 {[%clk 1:17:07]} 23. a4 {[%clk 0:20:24]}
23... Re8 {[%clk 1:16:50]} 24. f4 {[%clk 0:18:51]} 24... Nxe5 {[%clk 1:16:19]}
25. fxe5 {[%clk 0:18:24]} 25... c6 {[%clk 1:14:42]} 26. Re3 {[%clk 0:16:34]}
26... Re6 {[%clk 1:09:06]} 27. Rf3 {[%clk 0:05:51]} 27... Ke8 {[%clk 1:04:11]}
28. Rxf5 {[%clk 0:05:42]} 28... c5 {[%clk 1:04:08]} 29. c4 {[%clk 0:03:06]}
29... dxc4 {[%clk 1:03:38]} 30. d5 {[%clk 0:03:22]} 30... Re7 {[%clk 1:03:44]}
31. e6 {[%clk 0:03:33]} 31... Kd8 {[%clk 1:03:20]} 32. Kf2 {[%clk 0:02:46]}
32... Kc7 {[%clk 1:03:43]} 33. Ke2 {[%clk 0:01:45]} 33... a6 {[%clk 1:03:56]}
34. Kd2 {[%clk 0:01:42]} 34... Kd6 {[%clk 1:04:14]} 35. Ke3 {[%clk 0:01:11]}
35... b5 {[%clk 1:04:24]} 36. axb5 {[%clk 0:01:33]} 36... axb5 {[%clk 1:04:41]}
37. Ke4 {[%clk 0:01:25]} 37... b4 {[%clk 1:04:50]} 38. Rf8 {[%clk 0:01:35]}
38... b3 {[%clk 1:04:11]} 39. cxb3 {[%clk 0:01:35]} 39... cxb3 {[%clk 1:04:28]}
40. Rb8 {[%clk 0:01:25]} 40... c4 {[%clk 1:03:50]} 41. Kd4 {[%clk 0:29:34]}
41... Rc7 {[%clk 1:33:55]} 42. Rb6+ {[%clk 0:29:09]} 1-0

[Event "DEM U14w 2018"]
[Site "Willingen GER"]
[Date "2018.05.21"]
[Round "3"]
[White "Ortlepp, Klaudia"]
[Black "Wucherer, Sophie"]
[Result "1-0"]
[Termination "normal"]
[Board "9"]
[WhiteElo "1505"]
[BlackElo "1340"]
[WhiteClock "00:13:47"]
[BlackClock "00:13:55"]
[PlyCount "101"]
[WhiteFideId "16206045"]
[BlackFideId "16225473"]
[EventCountry "GER"]
[EventRounds "9"]
[EventType "swiss"]
[EventDate "2018.05.19"]

1. e4 {[%clk 1:30:59]} 1... e6 {[%clk 1:30:54]} 2. d4 {[%clk 1:31:23]} 2... d5
{[%clk 1:31:17]} 3. c4 {[%clk 1:31:39]} 3... dxe4 {[%clk 1:29:35]} 4. Nc3 {
[%clk 1:31:17]} 4... Nf6 {[%clk 1:22:03]} 5. f3 {[%clk 1:30:58]} 5... exf3 {
[%clk 1:11:30]} 6. Nxf3 {[%clk 1:30:31]} 6... Nbd7 {[%clk 1:11:34]} 7. Bd3 {
[%clk 1:21:30]} 7... h6 {[%clk 1:07:17]} 8. Qe2 {[%clk 1:19:01]} 8... Be7 {
[%clk 1:06:33]} 9. Bf4 {[%clk 1:17:20]} 9... Nh5 {[%clk 1:02:23]} 10. Be3 {
[%clk 1:16:05]} 10... c6 {[%clk 0:59:05]} 11. O-O {[%clk 1:14:10]} 11... O-O {
[%clk 0:58:21]} 12. Rac1 {[%clk 1:10:32]} 12... Bd6 {[%clk 0:52:47]} 13. Qd2 {
[%clk 1:06:09]} 13... f5 {[%clk 0:40:26]} 14. Be2 {[%clk 1:00:22]} 14... Nhf6 {
[%clk 0:33:25]} 15. Nh4 {[%clk 0:53:59]} 15... Ng4 {[%clk 0:28:54]} 16. Nf3 {
[%clk 0:49:05]} 16... Nxe3 {[%clk 0:29:08]} 17. Qxe3 {[%clk 0:49:10]} 17... Nf6
{[%clk 0:28:52]} 18. Ne5 {[%clk 0:47:51]} 18... Nd7 {[%clk 0:22:50]} 19. Nxc6 {
[%clk 0:38:10]} 19... Qf6 {[%clk 0:22:58]} 20. Ne4 {[%clk 0:29:57]} 20... Bxh2+
{[%clk 0:17:26]} 21. Kxh2 {[%clk 0:29:19]} 21... Qh4+ {[%clk 0:17:48]} 22. Kg1
{[%clk 0:29:27]} 22... bxc6 {[%clk 0:13:32]} 23. Nd2 {[%clk 0:23:25]} 23... Nb6
{[%clk 0:11:36]} 24. Bf3 {[%clk 0:23:04]} 24... Bd7 {[%clk 0:11:27]} 25. Nb3 {
[%clk 0:22:49]} 25... Rac8 {[%clk 0:09:43]} 26. Nc5 {[%clk 0:22:45]} 26... Rfe8
{[%clk 0:08:58]} 27. Rfd1 {[%clk 0:20:18]} 27... Qe7 {[%clk 0:06:39]} 28. Bh5 {
[%clk 0:18:55]} 28... Red8 {[%clk 0:05:54]} 29. Bf3 {[%clk 0:12:25]} 29... Kh7
{[%clk 0:05:50]} 30. a4 {[%clk 0:11:47]} 30... Rc7 {[%clk 0:04:50]} 31. d5 {
[%clk 0:08:48]} 31... cxd5 {[%clk 0:03:58]} 32. cxd5 {[%clk 0:08:45]} 32...
Bxa4 {[%clk 0:03:26]} 33. b3 {[%clk 0:07:53]} 33... Bb5 {[%clk 0:02:57]} 34.
dxe6 {[%clk 0:05:04]} 34... Rxd1+ {[%clk 0:02:37]} 35. Bxd1 {[%clk 0:05:20]}
35... Nd5 {[%clk 0:02:37]} 36. Qd4 {[%clk 0:04:29]} 36... Nf6 {[%clk 0:02:45]}
37. Bf3 {[%clk 0:03:53]} 37... g6 {[%clk 0:02:26]} 38. b4 {[%clk 0:02:52]}
38... Ne8 {[%clk 0:01:32]} 39. Re1 {[%clk 0:01:41]} 39... Ng7 {[%clk 0:01:34]}
40. Qe5 {[%clk 0:01:22]} 40... a6 {[%clk 0:01:08]} 41. Be2 {[%clk 0:30:18]}
41... Rc6 {[%clk 0:29:31]} 42. Bxb5 {[%clk 0:28:25]} 42... axb5 {[%clk 0:29:53]
} 43. Rd1 {[%clk 0:28:24]} 43... Rc7 {[%clk 0:28:44]} 44. Rd6 {[%clk 0:27:50]}
44... Qe8 {[%clk 0:23:11]} 45. Nd7 {[%clk 0:22:29]} 45... Qe7 {[%clk 0:21:36]}
46. Nc5 46... Qe8 {[%clk 0:20:08]} 47. Qf6 {[%clk 0:15:41]} 47... Nh5 { [%clk
0:17:16]} 48. Rd7+ {[%clk 0:13:15]} 48... Rxd7 {[%clk 0:16:09]} 49. Nxd7 {[%clk
0:13:39]} 49... Qh8 {[%clk 0:14:15]} 50. Nf8+ {[%clk 0:13:47]} 50... Kg8 {[%clk
0:13:55]} 51. Qf7# 1-0